NFL Players - Sudden Death - Statistics

General Stats
  • This quiz has been taken 942 times
  • The average score is 10 of 20
Answers on the Grid
Answers color-coded by a green-red scale on the quiz's grid according to % correct below.
Amari Cooper
Anthony Santander
Bryson Stott
Bukayo Saka
Cade Otton
Chris Moore
Chris Wood
Connor McDavid
Dee Alford
Demar Derozan
Derek Barnett
Easton Stick
Gradey Dick
Jack Elliott
Jaire Alexander
Jake Browning
Jake Elliott
Joe Mixon
LeBron James
Mark Stone
Michael Dickson
Michael Phelps
Mike Evans
Mike Trout
Noah Fant
Patrick Mahomes
Ricky Council IV
Romeo Doubs
Saquon Barkley
Shohei Ohtani
Spencer Dinwiddie
T.J. Edwards
Taylor Rapp
Timothy Weah
Trent Alexander-Arnold
Troy Terry
Tyler Linderbaum
Tyus Jones
Virat Kohli
Will Clapp
 
Answer Stats
Answer % Correct
Amari Cooper
94%
Cade Otton
72%
Saquon Barkley
68%
Patrick Mahomes
67%
Joe Mixon
66%
Jaire Alexander
63%
Jake Elliott
61%
Mike Evans
60%
Noah Fant
60%
Jake Browning
55%
Romeo Doubs
54%
Tyler Linderbaum
49%
Easton Stick
44%
Taylor Rapp
39%
Will Clapp
38%
T.J. Edwards
32%
Chris Moore
30%
Michael Dickson
26%
Derek Barnett
22%
Dee Alford
19%
No matching quizzes found
Score Distribution
Percent of People with Each Score
Percentile by Number Answered
Your Score History
You have not taken this quiz